Kra-Dai Language Family - Statistics

General Stats
  • This quiz has been taken 33 times
  • The average score is 2 of 6
Answer Stats
Languages Classification % Correct
Buyang, Gelao, Lachi, Laha Kra
70%
Hlai Hlai
45%
Be, Dong, Maonan, Mulam, Sui Kam-Sui
30%
Nung, Tày, Zhuang Central Tai
25%
Bouyei, Saek Northern Tai
25%
Lao, Shan, Tai Lue, Tai Nuea, Thai Southwestern Tai
25%
No matching quizzes found
Score Distribution
Percent of People with Each Score
Percentile by Number Answered
Your Score History
You have not taken this quiz